Automatizácia častí výroby filtračného komponentu elektromotora s využitím 3D tlače kovov

Guardado en:
Detalles Bibliográficos
Autor principal: Dvorský, Adam (Autor)
Otros Autores: Margetin, Matúš (Orientador)
Formato: Manuscrito Libro
Lenguaje:eslovaco
Publicado: 2023
Materias:
Acceso en línea:http://is.stuba.sk/zp/portal_zp.pl?podrobnosti=170455
Etiquetas: Agregar Etiqueta
Sin Etiquetas, Sea el primero en etiquetar este registro!

MARC

LEADER 00000ntm a22000003a 4500
001 stuzp94774
003 SK-STU
005 20230909223135.9
007 ta
008 150427s2015----xo-----f-mn---000-0-slo-d
040 |a STU  |b slo 
041 0 |a slo 
100 1 |a Dvorský, Adam  |u 020010  |4 aut  |U SjF Strojnícka fakulta  |T SjF Ústav aplikovanej mechaniky a mechatroniky  |X 98649  |U J0010  |Y 801  |7 98649 
242 0 1 |a Automation of selected production steps of the electromotor filter component produced by 3D printing of metals  |y eng 
245 1 0 |a Automatizácia častí výroby filtračného komponentu elektromotora s využitím 3D tlače kovov 
260 |c 2023 
650 4 |a filtračný komponent  |2 slo 
650 4 |a nehrdzavejúca oceľ 316L  |2 slo 
650 4 |a 3D tlač kovov  |2 slo 
650 4 |a automatizácia  |2 slo 
650 4 |a filtration component  |2 eng 
650 4 |a stainless steel 316L  |2 eng 
650 4 |a 3D metal printing  |2 eng 
650 4 |a automation  |2 eng 
700 1 |a Margetin, Matúš  |u 020010  |k Z2  |4 ths  |U SjF Strojnícka fakulta  |T SjF Ústav aplikovanej mechaniky a mechatroniky  |X 14278  |U J0010  |Y 801  |7 A000014278 
856 4 |u http://is.stuba.sk/zp/portal_zp.pl?podrobnosti=170455